Answers Contain "Bell" 🛎️ - Statistics

General Stats
  • This quiz has been taken 268 times
    41 since last reset
  • The average score is 15 of 26
Answer Stats
Hint Answer % Correct
Vegetables that are commonly green, red, or yellow bell pepper
95%
Hotel employee who helps patrons with their luggage bellhop / bellboy
88%
1850 song now one of the most famous Christmas carols Jingle Bells
85%
Trousers with a marked flare below the knee bell-bottoms
83%
Painful way to dive into water belly flop
83%
1876 is the year this man patented the first telephone Alexander Graham Bell
80%
1962: The founding of this fast food restaurant chain Taco Bell
80%
1904 is the debut of this fairy character created by J. M. Barrie Tinker Bell
70%
Graph of normal distribution, sometimes used for grading bell curve
65%
Iconic symbol of independence located in Philadelphia Liberty Bell
65%
1989–1993 sitcom with Zack, Screech, Mr. Belding, and more Saved by the Bell
63%
Condition of temporary paralysis affecting one side of the face Bell's palsy
60%
Device with air bag for blowing air into a fire bellows
58%
1940 Hemingway novel or 1984 Metallica song For Whom the Bell Tolls
58%
Brand of gourmet jelly beans Jelly Belly
55%
1963 novel by Sylvia Plath, her only one The Bell Jar
43%
First name of Death Eater Lestrange in Harry Potter Bellatrix
40%
Nickname for AT&T's pre-1984 telecommunication monopoly {Ma} Bell
40%
1950 Christmas song by Jay Livingston and Ray Evans Silver Bells
40%
Synonym for belligerent bellicose
38%
1980 single by AC/DC Hells Bells
35%
Plant also known as deadly nightshade belladonna
33%
1957 Christmas song by Bobby Helms Jingle Bell Rock
33%
1936 Christmas carol featured in Home Alone Carol of the Bells
28%
The leading sheep of a flock, with a bell on its neck bell{wether}
23%
1994 Pink Floyd album The {Division} Bell
15%
No matching quizzes found
Score Distribution
Percent of People with Each Score
Percentile by Number Answered
Your Score History
You have not taken this quiz since the last reset